[Event "fRIENDs aROUNd tHe wORLd Team Championship"]
[Site "SchemingMind.com"]
[Date "2005.12.21"]
[Round "-"]
[White "reptile"]
[Black "Toivop"]
[Result "0-1"]
[WhiteCountry "ISR"]
[BlackCountry "EST"]
[WhiteElo "1874"]
[WhiteRD "80"]
[BlackElo "1923"]
[BlackRD "82"]
[GameID "33845"]

1. Nf3 d5 2. g3 Nf6 3. Bg2 Bf5 4. O-O Nbd7 5. b3 e5 6. Bb2 Bd6 7. c4 c6 8. Nh4 Be6 9. Qc2 O-O 10. Nf5 Bc5
11. d4 Bxf5 12. Qxf5 g6 13. Qd3 e4 14. Qd2 Bb6 15. Nc3 Qe7 16. Nd1 Ng4 17. e3 Rfe8 18. cxd5 cxd5 19. Nc3 Ba5 20. Qe2 Bxc3
21. Bxc3 Rac8 22. Bb2 Ngf6 23. Rfc1 Qb4 24. Qe1 Qxe1+ 25. Rxe1 Rc2 26. Ba3 Ng4 27. Rf1 Rec8 28. Rac1 Nb6 29. Bh3 f5 30. Bxg4 fxg4
31. Bc5 Rxc1 32. Rxc1 Kf7 33. h3 gxh3 34. Kh2 Nd7 35. Ba3 Rxc1 36. Bxc1 h5 37. Kxh3 Ke6 38. g4 a5 39. Bd2 b6 40. gxh5 gxh5
41. Kh4 Nf6 42. a4 Kf5 43. b4 axb4 44. Bxb4 Ng4 45. Be1 Kg6 46. Kg3 Nh6 47. Bb4 Nf5+ 48. Kf4 Kf6 49. a5 bxa5 50. Bxa5 Nh6
51. Bd8+ Kg6 52. Be7 Ng4 53. Bh4 Nh2 54. Be7 Kf7 55. Bd8 Nf3 56. Kf5 Ke8 57. Bg5 Kd7 58. Bf6 Kc7 59. Ke6 Kc6 60. Kf5 Kb5
61. Be5 Kc4 62. Bf4 h4 63. Kg4 Kd3 64. Kh3= Ke2 65. Kg2 Ne1+ 66. Kg1 Nd3 67. Bg5 Nxf2 68. Bxh4 Ng4 69. Bg5 Nxe3 70. Kh2 Kf3
71. Kg1 Nc2 72. Bf6 e3 73. Be7 e2
0-1

[Event "fRIENDs aROUNd tHe wORLd Team Championship"]
[Site "SchemingMind.com"]
[Date "2005.12.22"]
[Round "-"]
[White "John"]
[Black "Toivop"]
[Result "0-1"]
[WhiteCountry "POR"]
[BlackCountry "EST"]
[WhiteElo "1547"]
[WhiteRD "77"]
[BlackElo "1805"]
[BlackRD "86"]
[GameID "33846"]

1. e4 c5 2. d3 Nc6 3. Nf3 Nf6 4. h3 d5 5. exd5 Nxd5 6. Bd2 Bf5 7. g4 Bg6 8. Bg2 e6 9. Nc3 Be7 10. Qe2 c4
11. dxc4 Ndb4 12. O-O Nxc2 13. Rad1 Bd3 14. Be3 Bxe2 15. Rxd8+ Rxd8 16. Nxe2 Nxe3 17. fxe3 Bc5 18. Kh1 Bxe3 19. Nc3 O-O 20. Ne4 Rfe8
21. Nh4 Rd3 22. Rf3 Ne5 23. Rg3 Rd1+ 24. Kh2 Bg1+ 25. Kh1 Bf2+ 26. Kh2 Bxg3+ 27. Nxg3 Rd2 28. Ne4 Rxb2 29. Nd6 Rd8 30. c5 g5
0-1

[Event "fRIENDs aROUNd tHe wORLd Team Championship"]
[Site "SchemingMind.com"]
[Date "2005.12.21"]
[Round "-"]
[White "markagodfrey"]
[Black "Toivop"]
[Result "1-0"]
[WhiteCountry "GBR"]
[BlackCountry "EST"]
[WhiteElo "2155"]
[WhiteRD "91"]
[BlackElo "1798"]
[BlackRD "87"]
[GameID "33847"]

1. e4 c5 2. Nf3 e6 3. d4 cxd4 4. Nxd4 Nf6 5. Nd2 Nc6 6. Nxc6 dxc6 7. Bd3 Bb4 8. O-O O-O 9. e5 Nd5 10. Qg4 f5
11. Qg3 Kh8 12. a3 Be7 13. Nf3 Bc5 14. Bg5 Qc7 15. c4 Nb6 16. Qh4 a5 17. Rfd1 Kg8 18. Bc2 Qf7 19. Rd3 h6 20. Bd8 f4
21. Ng5 Qg6 22. Rd2 Qe8 23. Bxb6 Bxb6 24. Ne4 Bc7 25. Rad1 Bxe5 26. Rd8 Qf7 27. Rxf8+ Qxf8 28. Rd8 Bd7 29. Rxf8+ Rxf8 30. Qe7 Bc8
31. Nd6 Bxd6 32. Qxd6 a4 33. Bh7+
1-0

[Event "fRIENDs aROUNd tHe wORLd Team Championship"]
[Site "SchemingMind.com"]
[Date "2005.12.21"]
[Round "-"]
[White "Louis Lima"]
[Black "Toivop"]
[Result "1-0"]
[WhiteCountry "ESP"]
[BlackCountry "EST"]
[WhiteElo "1667"]
[WhiteRD "52"]
[BlackElo "1805"]
[BlackRD "86"]
[GameID "33848"]

1. e4 d6 2. d4 Nf6 3. Nc3 g6 4. Be3 c6 5. f3 Bg7 6. Qd2 O-O 7. Bh6 Qb6 8. O-O-O Bxh6 9. Qxh6 d5 10. e5 Ne8
11. h4 a5 12. h5 g5 13. Qxg5+ Kh8 14. Qxe7 Qb4 15. Qh4 Rg8 16. g4 Be6 17. g5 Bf5 18. Bd3 Bxd3 19. Rxd3 Nd7 20. f4 Qe7
21. Nge2 b5 22. Rg1 a4 23. f5 b4 24. f6 Qd8 25. Nd1 b3 26. cxb3 axb3 27. a3 Nf8 28. Rxb3 Qd7 29. Nf4 c5 30. g6 Qc6
31. g7+ Nxg7 32. fxg7+ Rxg7 33. Rxg7 cxd4+ 34. Kd2 Kxg7 35. Qg5+
1-0

[Event "fRIENDs aROUNd tHe wORLd Team Championship"]
[Site "SchemingMind.com"]
[Date "2006.01.05"]
[Round "-"]
[White "zledar"]
[Black "Toivop"]
[Result "0-1"]
[WhiteCountry "MEX"]
[BlackCountry "EST"]
[WhiteElo "1126"]
[WhiteRD "103"]
[BlackElo "1807"]
[BlackRD "88"]
[GameID "33849"]

1. e4 e5 2. Nf3 Nc6 3. Bc4 Bc5 4. b4 Bxb4 5. O-O Nf6 6. Nc3 Bxc3 7. dxc3 O-O 8. Re1 d6 9. Bg5 Na5 10. Bd5 h6
11. Bxf6 Qxf6 12. Rb1 c6 13. Bb3 Bg4 14. c4 Bxf3 15. Qxf3 Qxf3 16. gxf3 b6 17. Rbd1 Rad8
0-1

[Event "fRIENDs aROUNd tHe wORLd Team Championship"]
[Site "SchemingMind.com"]
[Date "2005.12.21"]
[Round "-"]
[White "pattSir"]
[Black "reptile"]
[Result "1/2-1/2"]
[WhiteCountry "GER"]
[BlackCountry "ISR"]
[WhiteElo "2155"]
[WhiteRD "90"]
[BlackElo "1898"]
[BlackRD "80"]
[GameID "33854"]

1. e4 Nf6 2. Nc3 e5 3. Bc4 Bc5 4. b4 Bxb4 5. Nge2 O-O 6. O-O Nc6 7. Rb1 Bc5 8. Ng3 d6 9. Na4 Bb6 10. c3 Bg4
11. Qc2 Qd7 12. d3 h6 13. Nxb6 axb6 14. f4 Nh5 15. Nxh5 Bxh5 16. f5 Na5 17. Bd5 c6 18. Bb3 Nxb3 19. Rxb3 f6 20. Rxb6 Bf7
21. a4 Ra7 22. Be3 d5 23. Rb4 Ra5 24. Bb6 Raa8 25. c4 d4 26. a5 Qe7 27. Rbb1 Kh7= 28. Qd1 Rg8 29. Qg4 Qd6= 30. Rf2 Qa3
31. Qh3 Qe7 32. Rfb2 Rgb8 33. Rb3=
1/2-1/2

[Event "fRIENDs aROUNd tHe wORLd Team Championship"]
[Site "SchemingMind.com"]
[Date "2005.12.21"]
[Round "-"]
[White "pattSir"]
[Black "John"]
[Result "1-0"]
[WhiteCountry "GER"]
[BlackCountry "POR"]
[WhiteElo "2073"]
[WhiteRD "101"]
[BlackElo "1547"]
[BlackRD "77"]
[GameID "33855"]

1. e4 e5 2. Bc4 Nf6 3. d4 Qe7 4. Nf3 exd4 5. O-O d6 6. c3 Be6 7. Qb3 c6 8. Bxe6 fxe6 9. cxd4 d5 10. Nc3 Qc7
11. Re1 Be7 12. exd5 exd5 13. Bf4 Qxf4 14. Qxb7 Ne4 15. Qxa8 O-O 16. Nxd5 Qf7 17. Nxe7+ Qxe7 18. Rac1 Re8 19. Nd2 Nd7 20. Qxc6 Ndf6
21. Nxe4 Nxe4 22. f3
1-0

[Event "fRIENDs aROUNd tHe wORLd Team Championship"]
[Site "SchemingMind.com"]
[Date "2005.12.21"]
[Round "-"]
[White "pattSir"]
[Black "markagodfrey"]
[Result "1-0"]
[WhiteCountry "GER"]
[BlackCountry "GBR"]
[WhiteElo "2103"]
[WhiteRD "94"]
[BlackElo "2155"]
[BlackRD "91"]
[GameID "33856"]

1. e4 e6 2. d4 d5 3. Nc3 Nf6 4. Bg5 dxe4 5. f3 exf3 6. Nxf3 Be7 7. Bd3 c5 8. dxc5 O-O 9. O-O Ng4 10. Ne4 f6
11. Bf4 f5 12. Nd6 Nd7 13. b4 e5 14. Bxf5 Rxf5 15. Nxf5 exf4 16. Re1 Bf8 17. Qd5+ Kh8 18. Nd6 Bxd6 19. Qxd6 Qg8 20. Re7 Ndf6
21. Ng5 Nh6 22. Rf1 Bf5 23. Rxb7 Nd5 24. c4 Rd8 25. Qe5 Ne3 26. Re1 Rd2 27. Qxf4 Rxg2+ 28. Kh1 Rxg5 29. Qxe3 Rg6 30. Qe8 Be6
31. Qxg8+
1-0

[Event "fRIENDs aROUNd tHe wORLd Team Championship"]
[Site "SchemingMind.com"]
[Date "2005.12.21"]
[Round "-"]
[White "pattSir"]
[Black "Louis Lima"]
[Result "1-0"]
[WhiteCountry "GER"]
[BlackCountry "ESP"]
[WhiteElo "2043"]
[WhiteRD "109"]
[BlackElo "1717"]
[BlackRD "56"]
[GameID "33857"]

1. e4 c5 2. d4 cxd4 3. c3 d3 4. Bxd3 g6 5. Be3 Bg7 6. f4 d6 7. Nf3 Nf6 8. Nbd2 Nc6 9. h3 O-O 10. g4 e5
11. fxe5 Nxe5 12. Be2 Nxf3+ 13. Bxf3 Re8 14. Kf2 d5 15. g5 Nxe4+ 16. Nxe4 dxe4 17. Qxd8 Rxd8 18. Bxe4 f5 19. Bf3 f4 20. Bxf4
1-0

[Event "fRIENDs aROUNd tHe wORLd Team Championship"]
[Site "SchemingMind.com"]
[Date "2005.12.21"]
[Round "-"]
[White "pattSir"]
[Black "zledar"]
[Result "1-0"]
[WhiteCountry "GER"]
[BlackCountry "MEX"]
[WhiteElo "2074"]
[WhiteRD "106"]
[BlackElo "1092"]
[BlackRD "103"]
[GameID "33858"]

1. e4 c5 2. d4 cxd4 3. c3 dxc3 4. Nxc3 Nc6 5. Nf3 e6 6. Bc4 a6 7. Qe2 Bb4 8. O-O d5 9. exd5 Bxc3 10. bxc3 Nce7
11. dxe6 Bxe6 12. Bxe6 fxe6 13. Ng5 Rc8 14. Nxe6
1-0

[Event "fRIENDs aROUNd tHe wORLd Team Championship"]
[Site "SchemingMind.com"]
[Date "2005.12.21"]
[Round "-"]
[White "pattSir"]
[Black "Toivop"]
[Result "1-0"]
[WhiteCountry "GER"]
[BlackCountry "EST"]
[WhiteElo "2043"]
[WhiteRD "109"]
[BlackElo "1809"]
[BlackRD "91"]
[GameID "33860"]

1. e4 e5 2. Bc4 Nf6 3. d4 exd4 4. Nf3 Nxe4 5. Qxd4 Nf6 6. Bg5 Be7 7. Nc3 Nc6 8. Qh4 d6 9. O-O-O O-O 10. Bd3 h6
11. Bxh6 gxh6 12. Qxh6 Be6 13. Ng5 Qd7 14. Bh7+ Kh8 15. Nxe6 fxe6 16. Bf5+ Kg8 17. Qg6+ Kh8 18. Rd3
1-0

[Event "fRIENDs aROUNd tHe wORLd Team Championship"]
[Site "SchemingMind.com"]
[Date "2005.12.21"]
[Round "-"]
[White "reptile"]
[Black "pattSir"]
[Result "0-1"]
[WhiteCountry "ISR"]
[BlackCountry "GER"]
[WhiteElo "1858"]
[WhiteRD "80"]
[BlackElo "2154"]
[BlackRD "90"]
[GameID "33861"]

1. d4 Nf6 2. c4 c5 3. d5 b5 4. cxb5 a6 5. bxa6 Bxa6 6. Nc3 g6 7. Nf3 Bg7 8. e4 Bxf1 9. Rxf1 d6 10. Bf4 Nbd7
11. Qd2 O-O 12. Bh6 Bxh6 13. Qxh6 Qb6 14. Qd2 Rfb8 15. Rb1 e6 16. dxe6 fxe6 17. Ke2 d5 18. exd5 exd5 19. Qd3 d4 20. Qc4+ Kh8
21. Na4 Qc6 22. b3 Rb4 23. Qc2 c4 24. Nxd4 Qxg2 25. Nc3 Qg4+ 26. f3 Qxd4 27. Rbd1 Qe5+ 28. Kd2 cxb3 29. axb3 Nd5 30. Nxd5 Rd4+
0-1

[Event "fRIENDs aROUNd tHe wORLd Team Championship"]
[Site "SchemingMind.com"]
[Date "2005.12.22"]
[Round "-"]
[White "John"]
[Black "pattSir"]
[Result "0-1"]
[WhiteCountry "POR"]
[BlackCountry "GER"]
[WhiteElo "1547"]
[WhiteRD "77"]
[BlackElo "2073"]
[BlackRD "101"]
[GameID "33862"]

1. e4 e5 2. Nf3 Nc6 3. d4 exd4 4. Nxd4 Bc5 5. Be3 Qf6 6. c3 Nge7 7. Nf5 d6 8. Bxc5 Bxf5 9. exf5 dxc5 10. Be2 Qxf5
11. O-O Rd8 12. Qc1 O-O 13. Nd2 Rfe8 14. Bf3 Nd5 15. Nc4 Qd3 16. Bxd5 Qxd5 17. Ne3 Qe4 18. Qc2 Qxc2 19. Nxc2 Re2 20. Rfc1 Rdd2
21. Ne3 Rxb2 22. Rf1 Rxa2 23. Rxa2 Rxa2 24. Nd5 b5 25. Nxc7 b4 26. cxb4 cxb4 27. Rb1 b3 28. g3 b2 29. Kg2 Ne5 30. Rd1 h6
0-1

[Event "fRIENDs aROUNd tHe wORLd Team Championship"]
[Site "SchemingMind.com"]
[Date "2005.12.21"]
[Round "-"]
[White "markagodfrey"]
[Black "pattSir"]
[Result "1-0"]
[WhiteCountry "GBR"]
[BlackCountry "GER"]
[WhiteElo "2139"]
[WhiteRD "108"]
[BlackElo "2043"]
[BlackRD "109"]
[GameID "33863"]

1. e4 e5 2. Nf3 Nc6 3. Bb5 a6 4. Ba4 Nf6 5. O-O Nxe4 6. d4 b5 7. Bb3 d5 8. dxe5 Be6 9. c3 Bc5 10. Qe2 O-O
11. Nbd2 Nxf2 12. Bc2 Ng4+ 13. Kh1 Ne3 14. Nb3 Bb6 15. Bxe3 Bxe3 16. Qxe3
1-0

[Event "fRIENDs aROUNd tHe wORLd Team Championship"]
[Site "SchemingMind.com"]
[Date "2005.12.21"]
[Round "-"]
[White "Louis Lima"]
[Black "pattSir"]
[Result "0-1"]
[WhiteCountry "ESP"]
[BlackCountry "GER"]
[WhiteElo "1717"]
[WhiteRD "56"]
[BlackElo "2043"]
[BlackRD "109"]
[GameID "33864"]

1. e4 e5 2. d4 exd4 3. c3 d5 4. exd5 Qxd5 5. cxd4 Nc6 6. Nf3 Bb4+ 7. Nc3 Nf6 8. Bd2 Qd6 9. a3 Ba5 10. Bb5 O-O
11. O-O Nxd4 12. Nxd4 Qxd4 13. b4 Bb6 14. Na4 Ne4 15. Nxb6 axb6 16. Qe2 Nxd2 17. Rfd1 Rd8 18. Ra2 Nf3+ 19. Qxf3 Qxd1+
0-1

[Event "fRIENDs aROUNd tHe wORLd Team Championship"]
[Site "SchemingMind.com"]
[Date "2005.12.21"]
[Round "-"]
[White "jasniepanicz"]
[Black "pattSir"]
[Result "0-1"]
[WhiteCountry "POL"]
[BlackCountry "GER"]
[WhiteElo "1559"]
[WhiteRD "114"]
[BlackElo "1929"]
[BlackRD "145"]
[GameID "33866"]

1. e4 e5 2. Bc4 Nf6 3. Qf3 Nc6 4. Ne2 Na5 5. Bb3 Nxb3 6. axb3 c6 7. c3 d5 8. Ng3 Qb6 9. exd5 Qxb3 10. dxc6 Bg4
11. Qe3 Qd1#
0-1

[Event "fRIENDs aROUNd tHe wORLd Team Championship"]
[Site "SchemingMind.com"]
[Date "2005.12.21"]
[Round "-"]
[White "Toivop"]
[Black "pattSir"]
[Result "0-1"]
[WhiteCountry "EST"]
[BlackCountry "GER"]
[WhiteElo "1809"]
[WhiteRD "91"]
[BlackElo "2043"]
[BlackRD "109"]
[GameID "33867"]

1. d4 Nf6 2. c4 c5 3. d5 b5 4. e3 g6 5. cxb5 Bg7 6. Nc3 a6 7. Nf3 d6 8. bxa6 Qa5 9. Be2 Ne4 10. Qa4+ Qxa4
11. Nxa4 Bxa6 12. Bd1 Bb7 13. Bc2 f5 14. O-O Bxd5 15. Rd1 Bc6 16. Nb6 Ra6 17. Nd5 Bxd5 18. Rxd5 Nc6 19. Bd3 Ra5 20. Bxe4 fxe4
21. Nd2 Nb4 22. Nc4 Rxa2 23. Rxa2 Nxa2 24. Bd2 Kf7 25. Ba5 Rb8 26. Rd2 Ke6 27. f3 exf3 28. gxf3 Rb3
0-1

[Event "fRIENDs aROUNd tHe wORLd Team Championship"]
[Site "SchemingMind.com"]
[Date "2005.12.21"]
[Round "-"]
[White "rguiu"]
[Black "reptile"]
[Result "0-1"]
[WhiteCountry "INT"]
[BlackCountry "ISR"]
[WhiteElo "1720"]
[WhiteRD "90"]
[BlackElo "1858"]
[BlackRD "80"]
[GameID "33931"]

1. e4 e6 2. d4 d5 3. Nd2 c5 4. exd5 exd5 5. c3 Nf6 6. Ngf3 Be7 7. Bd3 Nbd7 8. O-O O-O 9. h3 b6 10. Nh2 Bb7
11. Ng4 Ne4 12. Nxe4 dxe4 13. Bc4 cxd4 14. Nh6+ gxh6 15. Bxh6 Nf6 16. Bxf8 Qxf8 17. cxd4 Qg7 18. Rc1 Bd6 19. Qe2 Qg5 20. a3 Re8
21. d5 Bc8 22. Qe3 Bf4
0-1

[Event "fRIENDs aROUNd tHe wORLd Team Championship"]
[Site "SchemingMind.com"]
[Date "2005.12.21"]
[Round "-"]
[White "rguiu"]
[Black "John"]
[Result "1-0"]
[WhiteCountry "INT"]
[BlackCountry "POR"]
[WhiteElo "1716"]
[WhiteRD "92"]
[BlackElo "1494"]
[BlackRD "78"]
[GameID "33932"]

1. e4 e5 2. Nf3 Nf6 3. Nxe5 d6 4. Nf3 Nxe4 5. d3 Nf6 6. Be2 Be7 7. O-O O-O 8. Nc3 Nc6 9. Be3 Be6 10. h3 Ne5
11. d4 Nxf3+ 12. Bxf3 c6 13. b3 Qd7 14. Ne4 Nxe4 15. Bxe4 f5 16. Bd3 f4 17. Bd2 Rf6 18. Qh5 Rh6 19. Qf3 Bxh3 20. gxh3
1-0

[Event "fRIENDs aROUNd tHe wORLd Team Championship"]
[Site "SchemingMind.com"]
[Date "2005.12.21"]
[Round "-"]
[White "rguiu"]
[Black "markagodfrey"]
[Result "0-1"]
[WhiteCountry "INT"]
[BlackCountry "GBR"]
[WhiteElo "1720"]
[WhiteRD "90"]
[BlackElo "2108"]
[BlackRD "80"]
[GameID "33933"]

1. e4 c5 2. Nf3 e6 3. Nc3 Nc6 4. d3 d6 5. Be2 Be7 6. Be3 Nf6 7. h3 Qb6 8. Qc1 d5 9. exd5 exd5 10. Na4 Qb4+
11. Nc3 d4 12. Bd2 dxc3 13. Bxc3 Qb6 14. O-O O-O 15. a3 Nd5 16. Bd2 Re8 17. c4 Nc7 18. Nh2 Bf6 19. Bf3 Bxb2 20. Qc2 Nd4
21. Qa4 Bxa1 22. Rxa1 Qb3
0-1

[Event "fRIENDs aROUNd tHe wORLd Team Championship"]
[Site "SchemingMind.com"]
[Date "2005.12.21"]
[Round "-"]
[White "rguiu"]
[Black "Louis Lima"]
[Result "1-0"]
[WhiteCountry "INT"]
[BlackCountry "ESP"]
[WhiteElo "1720"]
[WhiteRD "90"]
[BlackElo "1741"]
[BlackRD "74"]
[GameID "33934"]

1. e4 c5 2. Nf3 d6 3. d3 Nc6 4. c3 Nf6 5. h3 g6 6. Be3 Bg7 7. Be2 b5 8. O-O O-O 9. Nh2 a5 10. Nd2 b4
11. f4 e6 12. Ndf3 Nh5 13. Qe1 bxc3 14. bxc3 Ba6 15. Ng5 Nf6 16. Ng4 Qe7 17. Qh4 Nh5 18. Nf2 Nf6 19. e5 dxe5 20. Nfe4 h6
21. Bxc5 hxg5 22. fxg5 Nh7 23. Bxe7 Nxe7 24. Nf6+ Bxf6 25. gxf6 Nf5 26. Rxf5 exf5 27. g4 f4 28. g5 Kh8 29. Rb1 Rab8 30. Rxb8 Rxb8
31. Qh6 Rg8 32. Kf2 Bb5 33. c4 Bc6 34. Bf3 Bd7 35. Bd5
1-0

[Event "fRIENDs aROUNd tHe wORLd Team Championship"]
[Site "SchemingMind.com"]
[Date "2005.12.21"]
[Round "-"]
[White "rguiu"]
[Black "zledar"]
[Result "1-0"]
[WhiteCountry "INT"]
[BlackCountry "MEX"]
[WhiteElo "1716"]
[WhiteRD "92"]
[BlackElo "1126"]
[BlackRD "103"]
[GameID "33935"]

1. e4 c5 2. Nf3 e6 3. c3 Nc6 4. Be2 Be7 5. d3 Nf6 6. O-O O-O 7. h3 d5 8. e5 Nd7 9. d4 cxd4 10. cxd4 b6
11. Nc3 Nxd4 12. Qxd4 Bc5 13. Qg4
1-0

[Event "fRIENDs aROUNd tHe wORLd Team Championship"]
[Site "SchemingMind.com"]
[Date "2005.12.21"]
[Round "-"]
[White "rguiu"]
[Black "jasniepanicz"]
[Result "1-0"]
[WhiteCountry "INT"]
[BlackCountry "POL"]
[WhiteElo "1756"]
[WhiteRD "91"]
[BlackElo "1493"]
[BlackRD "96"]
[GameID "33936"]

1. e4 c5 2. Nf3 a6 3. d4 cxd4 4. Nxd4 e5 5. Nf3 d6 6. Bc4 h6 7. O-O Nf6 8. Nc3 Be7 9. Be3 O-O 10. h3 Be6
11. Be2 Nc6 12. Nh2 d5 13. exd5 Nxd5 14. Nxd5 Qxd5 15. Bf3 Qxd1 16. Rfxd1 Rad8 17. Ng4 Bxg4 18. Bxg4 Rxd1+ 19. Rxd1 Rd8 20. Rxd8+ Bxd8
21. Bc8 Nb4 22. c3 Nxa2 23. Bxb7 a5 24. Bd5 Nb4 25. cxb4 axb4 26. Bc5
1-0

[Event "fRIENDs aROUNd tHe wORLd Team Championship"]
[Site "SchemingMind.com"]
[Date "2005.12.21"]
[Round "-"]
[White "rguiu"]
[Black "Toivop"]
[Result "1-0"]
[WhiteCountry "INT"]
[BlackCountry "EST"]
[WhiteElo "1756"]
[WhiteRD "91"]
[BlackElo "1809"]
[BlackRD "91"]
[GameID "33937"]

1. e4 e5 2. Nf3 Nc6 3. Bc4 Bc5 4. O-O Nf6 5. Nc3 d6 6. d3 Bg4 7. Be3 Bxe3 8. fxe3 Na5 9. Bb3 O-O 10. Qe1 Nxb3
11. axb3 Qd7 12. Nd5 Nxd5 13. exd5 c6 14. dxc6 Qxc6 15. c3 Qb5 16. Qd1 a6 17. Ra4 Be6 18. Rb4 Qc6 19. Rh4 Rac8 20. Ng5 h6
21. Qh5 Qb6 22. d4 Qxb3 23. Ne4 Qxb2 24. Nf6+
1-0

[Event "fRIENDs aROUNd tHe wORLd Team Championship"]
[Site "SchemingMind.com"]
[Date "2005.12.21"]
[Round "-"]
[White "rguiu"]
[Black "pattSir"]
[Result "0-1"]
[WhiteCountry "INT"]
[BlackCountry "GER"]
[WhiteElo "1731"]
[WhiteRD "88"]
[BlackElo "2073"]
[BlackRD "101"]
[GameID "33938"]

1. e4 e5 2. Nf3 Nc6 3. Bc4 Nf6 4. d3 Bc5 5. O-O h6 6. c3 d6 7. b4 Bb6 8. h3 g5 9. Nh2 g4 10. Nxg4 Nxg4
11. hxg4 Rh7 12. Be3 Bxe3 13. fxe3 Qg5 14. Qf3 Bxg4 15. Bxf7+ Ke7 16. Qf2 Rf8 17. Nd2 Rhxf7 18. Qg3 Rxf1+ 19. Rxf1 Rxf1+ 20. Nxf1 Be2
21. Qxg5+ hxg5 22. d4 Bxf1 23. Kxf1 a5 24. b5 Na7 25. a4 Nxb5
0-1

[Event "fRIENDs aROUNd tHe wORLd Team Championship"]
[Site "SchemingMind.com"]
[Date "2005.12.21"]
[Round "-"]
[White "reptile"]
[Black "rguiu"]
[Result "1-0"]
[WhiteCountry "ISR"]
[BlackCountry "INT"]
[WhiteElo "1870"]
[WhiteRD "83"]
[BlackElo "1726"]
[BlackRD "93"]
[GameID "33939"]

1. Nf3 d6 2. g3 Nf6 3. Bg2 g6 4. O-O Bg7 5. d4 O-O 6. c4 c6 7. Nc3 Nbd7 8. e4 e5 9. h3 Re8 10. Re1 exd4
11. Nxd4 Nb6 12. b3 c5 13. Nc2 Nxe4 14. Nxe4 Bxa1 15. Nxa1 f5 16. Bg5
1-0

[Event "fRIENDs aROUNd tHe wORLd Team Championship"]
[Site "SchemingMind.com"]
[Date "2005.12.22"]
[Round "-"]
[White "John"]
[Black "rguiu"]
[Result "0-1"]
[WhiteCountry "POR"]
[BlackCountry "INT"]
[WhiteElo "1494"]
[WhiteRD "78"]
[BlackElo "1716"]
[BlackRD "92"]
[GameID "33940"]

1. e4 d6 2. c4 Nf6 3. d3 g6 4. h3 Bg7 5. Nc3 O-O 6. Qc2 Nbd7 7. g4 a6 8. g5 Nh5 9. Be2 Nf4 10. Bxf4 Nc5
11. Nf3 Bd7 12. Be3 Ne6 13. d4 c6 14. Bd3 b5 15. b3 b4 16. Ne2 a5 17. h4 c5 18. O-O-O a4 19. h5 axb3 20. axb3 Ra3
21. Kb2 Qa5 22. Ra1 Ra8 23. Qb1 cxd4 24. Nfxd4 Nc5 25. Bc2 Bg4
0-1

[Event "fRIENDs aROUNd tHe wORLd Team Championship"]
[Site "SchemingMind.com"]
[Date "2005.12.21"]
[Round "-"]
[White "markagodfrey"]
[Black "rguiu"]
[Result "1-0"]
[WhiteCountry "GBR"]
[BlackCountry "INT"]
[WhiteElo "2123"]
[WhiteRD "106"]
[BlackElo "1731"]
[BlackRD "88"]
[GameID "33941"]

1. e4 d6 2. d4 Nf6 3. Nc3 g6 4. Nf3 Bg7 5. Be2 O-O 6. O-O Nbd7 7. e5 dxe5 8. dxe5 Ng4 9. e6 fxe6 10. Ng5 Ngf6
11. Nxe6
1-0

[Event "fRIENDs aROUNd tHe wORLd Team Championship"]
[Site "SchemingMind.com"]
[Date "2005.12.21"]
[Round "-"]
[White "Louis Lima"]
[Black "rguiu"]
[Result "1-0"]
[WhiteCountry "ESP"]
[BlackCountry "INT"]
[WhiteElo "1703"]
[WhiteRD "61"]
[BlackElo "1716"]
[BlackRD "90"]
[GameID "33942"]

1. e4 c5 2. Nf3 e6 3. d4 cxd4 4. Nxd4 Nc6 5. Nc3 Nf6 6. Ndb5 Bb4 7. Nd6+ Ke7 8. Bf4 e5 9. Nf5+ Kf8 10. Bg5 d5
11. exd5 Bxf5 12. Bxf6 Qxf6 13. dxc6 Qxc6 14. Qf3 Be4 15. Qg3 Bxc2 16. Be2 f6 17. O-O Rd8 18. Rac1 Bf5 19. Nb5 Qb6 20. Nc7 Bd2
21. Qa3+ Bb4 22. Qf3 g6 23. Nd5 Qa5 24. Nxf6 Be7 25. Ne4 Kg7 26. Ng3 Bc8 27. a3 Rhf8 28. Qc3 Qxc3 29. Rxc3 Bd6 30. Ne4 Bb8
31. Rfc1 Bf5 32. Ng3= Be6 33. Ne4 a6 34. Nc5 Bc8 35. Ne4 Ba7 36. Rc7+ Kh6 37. g4 g5 38. R1c3 Kg6 39. Bxa6 Bb8 40. Rxb7 Bxb7
41. Bxb7 Rf7 42. Rc6+ Kg7 43. Bc8 h6 44. Bf5 h5 45. Nxg5 Rf6 46. Ne6+
1-0

[Event "fRIENDs aROUNd tHe wORLd Team Championship"]
[Site "SchemingMind.com"]
[Date "2005.12.22"]
[Round "-"]
[White "jasniepanicz"]
[Black "rguiu"]
[Result "0-1"]
[WhiteCountry "POL"]
[BlackCountry "INT"]
[WhiteElo "1520"]
[WhiteRD "89"]
[BlackElo "1731"]
[BlackRD "88"]
[GameID "33944"]

1. e4 d6 2. Bc4 Nf6 3. Nc3 g6 4. d3 Bg7 5. h3 O-O 6. Bd2 Nc6 7. a3 a6 8. Nf3 e5 9. Nd5 Nxd5 10. Bxd5 Kh8
11. Ng5 Qe7 12. c3 f6 13. Nf3 f5 14. Bg5 Bf6 15. Qd2 f4 16. Bxf6+ Qxf6 17. O-O Ne7 18. Ba2 c6 19. c4 c5 20. b4 b6
21. a4 Nc6 22. b5 Nb4 23. Bb3 a5 24. Rae1 Ra7 25. Kh2 g5 26. Kg1 Rg7 27. Nh2 h5 28. f3 g4 29. hxg4 hxg4 30. Nxg4 Bxg4
31. fxg4 Rxg4 32. Bd1 Rg3 33. Rf3 Rfg8 34. Re2 Rxf3 35. Bc2 Qh4 36. Rf2 Rxf2
0-1

[Event "fRIENDs aROUNd tHe wORLd Team Championship"]
[Site "SchemingMind.com"]
[Date "2005.12.22"]
[Round "-"]
[White "Toivop"]
[Black "rguiu"]
[Result "1-0"]
[WhiteCountry "EST"]
[BlackCountry "INT"]
[WhiteElo "1809"]
[WhiteRD "91"]
[BlackElo "1756"]
[BlackRD "91"]
[GameID "33945"]

1. d4 Nf6 2. c4 d6 3. Nc3 g6 4. e4 Bg7 5. Nf3 O-O 6. Be2 Nbd7 7. O-O e5 8. Bg5 h6 9. Bh4 Kh7 10. dxe5 Nxe5
11. Nxe5 dxe5 12. Qxd8 Rxd8 13. Bxf6 Bxf6 14. Nd5 Bg5 15. Nxc7 Rb8 16. Rfd1 b6 17. Rxd8 Bxd8 18. Nb5 a6 19. Rd1 Be6 20. Nc3 Be7
21. Nd5 Bc5 22. Nc7 Bd4 23. b3 Bc8 24. Kf1 Bb7 25. f3 Kg7 26. Nd5 f5 27. exf5 gxf5 28. Nc7 Kf7 29. Bd3 Kf6 30. Nd5+ Bxd5
31. cxd5 b5 32. Rc1 Rb6 33. Rc6+ Rxc6 34. dxc6 Bb6 35. a4 bxa4 36. bxa4 a5 37. Ke2 Bc7 38. g3 Kg5 39. Ke3 f4+ 40. Ke4 fxg3
41. hxg3 h5 42. Kd5 h4 43. gxh4+ Kxh4 44. Ke6 Kg5 45. Kd7
1-0

[Event "fRIENDs aROUNd tHe wORLd Team Championship"]
[Site "SchemingMind.com"]
[Date "2005.12.22"]
[Round "-"]
[White "pattSir"]
[Black "rguiu"]
[Result "1-0"]
[WhiteCountry "GER"]
[BlackCountry "INT"]
[WhiteElo "2073"]
[WhiteRD "101"]
[BlackElo "1731"]
[BlackRD "88"]
[GameID "33946"]

1. e4 d6 2. d4 Nf6 3. f3 g6 4. Be3 Bg7 5. c4 O-O 6. Ne2 Nbd7 7. Qd2 e5 8. Nbc3 Nb6 9. Ng3 exd4 10. Bxd4 Be6
11. Nd5 Nbxd5 12. cxd5 Bd7 13. Be2 c5 14. dxc6 bxc6 15. O-O c5 16. Be3 Rb8 17. Qxd6 Be6 18. Qxc5 Rxb2 19. Qxa7 Qa8 20. a4 Qc6
21. Bb5 Qc2 22. Rf2 Rb1+ 23. Rxb1 Qxb1+ 24. Rf1 Qb4 25. Ne2 Ne8 26. Bc5 Qd2 27. Qb6
1-0